• 首页
  • 本馆介绍
  • 公告通知
  • 最新文献
  • 馆藏检索
  • 电子资源
  • 读者导购
  • 参考咨询
  • 我的图书馆
  • 登录
  • 详细信息显示
  • 放入我的书架
  • 预约/预借图书
  • 作者相关作品
  • 分类相关作品
  • 丛书相关作品
  • 出版社相关作品

书目信息

  • 表格格式
  • 工作单格式
  • 卡片格式
题名:
斯巴达克的故事
    
 
作者: 刘培华 编写
分册:  
出版信息: 天津   天津人民出版社  1978.05
页数: 112页
开本: 19cm
丛书名:
单 册:
中图分类: K126
科图分类:
主题词: 世界史:古代史 , 奴隶制城邦
电子资源:
ISBN:
000 00583nam0 2200217 45
001 0306121770
005 20031219104110.9
010    @dCNY0.29
091    @a11072.33
100    @a20030612d1978 km y0chiy0120 ea
101 0  @achi
105    @aba z 000yb
200 1  @a斯巴达克的故事@ASi Ba Da Ke De Gu Shi@f刘培华编写@FLiu Pei Hua Bian Xie
210    @a天津@c天津人民出版社@d1978.05
215    @a112页@c地图,插图@d19cm
606 0  @a世界史:古代史
606 0  @a奴隶制城邦
690    @aK126@v3
701  0 @a刘培华@4编写
801    @aCN@bTSTC@c20030612
905    @f1@b4518@dK126@e1
    
    斯巴达克的故事/刘培华编写.-天津:天津人民出版社,1978.05
    112页:地图,插图;19cm
    
    
    ISBN :CNY0.29
    
●
相关链接 在E读中查询图书 在五车中查询图书 在当当中查询图书 在豆瓣中查询图书


正题名:斯巴达克的故事     索取号:K126/1         预约/预借

序号 登录号 条形码 馆藏地/架位号 状态 备注
1 0004518   001808805   密集书库/ [索取号:K126/1] 在馆    
唐山师范学院图书馆 欢迎您!
大连网信软件有限公司© 版权所有